Ten lectures on Swedish architecture /
Descripción Física:
116 pàg. : il. b/n ; 18 cm
Materias:
Fons Joan Junyer i Pascual (1909-1994)
; Arquitectura -- Suècia
; Arquitectura -- Suècia -- Història -- S. XX
Idioma:
English , Swedish
MARC
| LEADER | 00000nam a22000007a 4500 | ||
|---|---|---|---|
| 003 | AGDB | ||
| 005 | 20260324181538.0 | ||
| 008 | 251023b sw ||||| |||| 00| 0 eng d | ||
| 041 | |a eng |h swe | ||
| 245 | |a Ten lectures on Swedish architecture / |c [edited by Th. Plaenge Jacobson, Sven Silow ; translated by William Cameron] ; published by Svenska Arkitekters Riksförbund = The National Association of Swedish Architects | ||
| 260 | |a [Stockholm] : |b Svenska Arkitekters Riksförbund , |c 1949 | ||
| 300 | |a 116 pàg. : |b il. b/n ; |c 18 cm | ||
| 500 | |a Prové del fons Joan Junyer i Pascual (1909-1994) | ||
| 650 | |a Fons Joan Junyer i Pascual (1909-1994) |9 72777 | ||
| 650 | 0 | |a Arquitectura |z Suècia |9 72664 | |
| 650 | 0 | |a Arquitectura |z Suècia |x Història |y S. XX |9 72665 | |
| 700 | |a Cameron, William |d 1918-2001 |9 72660 |e traductor | ||
| 700 | |a Jacobson, Thord Plænge |9 72661 |e editor | ||
| 700 | |a Silow, Sven, |d 1918-2001 |9 72662 |e editor | ||
| 710 | |a Svenska arkitekters riksförbund |9 72663 | ||
| 942 | |2 udc |c ARXIU |n 1 | ||
| 952 | |0 0 |1 0 |4 0 |6 F504135 |7 1 |9 98555 |a Arxiu |b Arxiu |d 2025-10-23 |l 0 |o F-504-135 |p 24783 |r 2025-10-23 12:09:36 |w 2025-10-23 |y ARXIU | ||
| 999 | |c 130306 |d 130306 | ||